| 000 | 01773nam a2200433 i 4500 | ||
|---|---|---|---|
| 001 | DIGUDISTRIT0015 | ||
| 003 | NyNyDIG | ||
| 007 | cr ||||||||||| | ||
| 008 | 230424s2020 ck ao ob 000 0 spa d | ||
| 006 | m o d | ||
| 035 | _a(OCoLC)1377521762 | ||
| 040 |
_aDGITA _beng _erda _epn _cDGITA |
||
| 020 |
_a9789587873474 _qeBook |
||
| 020 | _z9789587871791 | ||
| 050 | 1 | 4 | _aHC79.E5 ebook |
| 100 | 1 |
_aVillarraga Flórez, Liz Farleidy, _eauthor. |
|
| 245 | 1 | 0 |
_aEconomía de recursos naturales : _buna aproximación / _cLiz Farleidy Villarraga Flórez. |
| 264 | 1 |
_aBogotá : _bEditorial UD, _c[2020] |
|
| 300 |
_a1 online resource : _billustrations, photographs. |
||
| 336 |
_atext _btxt _2rdacontent |
||
| 337 |
_acomputer _bc _2rdamedia |
||
| 338 |
_aonline resource _bcr _2rdacarrier |
||
| 347 |
_atext file _2rdaft |
||
| 347 | _bEPUB | ||
| 490 | 1 | _aColección Tierra y vida | |
| 500 | _a"Universidad Distrital Francisco José de Caldas. Facultad del Medio Ambiente y Recursos Naturales." | ||
| 504 | _aIncludes bibliographical references. | ||
| 588 | 0 | _aOnline resource; title from ePub title page (Digitalia, viewed April 24, 2023) | |
| 650 | 0 | _aEnvironmental economics. | |
| 650 | 0 | _aNatural resources. | |
| 650 | 0 | _aConservation of natural resources. | |
| 791 | 2 |
_aDigitalia (Firm), _edistributor. |
|
| 793 | 0 |
_gDigitalia eBook Collection: _aUniversidad Distrital Francisco José de Caldas |
|
| 776 | 0 | 8 |
_iPrint version: _aVillarraga Flórez, Liz Farleidy. _tEconomía de recursos naturales. _bPrimera edición. _dBogotá : Editorial UD, [2020] _z9789587871791 |
| 830 | 0 | _aColección Tierra y vida. | |
| 856 | 4 | 0 |
_3Digitalia Hispánica _uhttps://www.digitaliapublishing.com/a/125265/ |
| 910 | _aPremium collection: 2023 | ||
| 942 | _cRAA | ||
| 999 |
_c277210 _d277210 |
||